| 000 | 005140000a22001690004500 | ||
|---|---|---|---|
| 020 | _a978-3-438-06010-5 | ||
| 082 | 0 | 4 | _aR 225.48 M5964t |
| 100 | 1 | _aMetzger, Bruce Manning | |
| 245 | 1 | 0 | _aA textual commentary on the greek New Testament / Bruce M. Metzger |
| 250 | _a2 ed., (4a)Revisión | ||
| 260 | _aStuttgart, Alemania : Deutsche Bibelgesellschaft | ||
| 300 | _a696 p. | ||
| 501 | _apasta dura | ||
| 650 | 1 | 4 | _aGRIEGO BIBLICO - COMENTARIOS \ BIBLIA N.T. - GRIEGO - COMENTARIOS |
| 001 | 18181 | ||
| 942 | _cBK | ||
| 999 |
_c44652 _d44652 |
||